Oncology nursing in practice /

Bibliographic Details
Corporate Author: NetLibrary, Inc
Other Authors: Gabriel, Janice
Format: eBook
Language:English
Published: London ; Philadelphia : Whurr, 2001.
Subjects:
Online Access:Connect to the full text of this electronic book

MARC

Tag First Indicator Second Indicator Subfields
LEADER 00000cam a2200000Ia 4500
001 in00002002192
005 20220105141735.0
006 m d
007 cr cnu---unuuu
008 040504s2001 enka sb 001 0 eng d
020 |a 1417502363 (electronic bk.) 
035 |a (OCoLC)ocm55073274 
040 |a N$T  |c N$T  |d OCLCQ  |d UtOrBLW 
049 |a IKMN 
050 1 4 |a RC266  |b .O558 2001eb 
060 1 4 |a 2001 G-486 
060 1 4 |a WY 156  |b O57538 2001 
082 0 4 |a 616.9940231  |2 22 
245 0 0 |a Oncology nursing in practice /  |c edited by Janice Gabriel. 
264 1 |a London ;  |a Philadelphia :  |b Whurr,  |c 2001. 
300 |a xii, 375 pages :  |b illustrations ;  |c 24 cm. 
336 |a text  |b txt  |2 rdacontent 
337 |a computer  |b c  |2 rdamedia 
338 |a online resource  |b cr  |2 rdacarrier 
504 |a Includes bibliographical references (pages 333-349) and index. 
533 |a Electronic reproduction.  |b Boulder, Colo. :  |c NetLibrary,  |d 2004.  |n Available via World Wide Web.  |n Access may be limited to NetLibrary affiliated libraries. 
500 |a Electronic resource. 
650 0 |a Cancer  |x Nursing.  |0 http://id.loc.gov/authorities/subjects/sh85019516 
650 1 2 |a Oncology Nursing.  |0 https://id.nlm.nih.gov/mesh/D009859 
655 7 |a Electronic books.  |2 local 
700 1 |a Gabriel, Janice.  |0 http://id.loc.gov/authorities/names/nb2001070473 
710 2 |a NetLibrary, Inc.  |0 http://id.loc.gov/authorities/names/no99080690 
776 1 |c Original  |z 1861561652  |w (OCoLC)45869393 
856 4 1 |u https://proxy.library.tamu.edu/login?url=http://www.netLibrary.com/urlapi.asp?action=summary&v=1&bookid=100219  |z Connect to the full text of this electronic book  |t 0 
994 |a 92  |b IKM 
999 |a MARS 
999 f f |s a9610618-e79b-39f4-99d8-24ae47c5625c  |i 2d45315d-f25a-3d61-8459-389df4bc7ab0  |t 0 
952 f f |a Texas A&M University  |b College Station  |c Electronic Resources  |d Available Online  |t 0  |e RC266 .O558 2001eb  |h Library of Congress classification 
998 f f |a RC266 .O558 2001eb  |t 0  |l Available Online